Countries with the shortest average Border length - Statistics

General Stats
  • This quiz has been taken 76 times
  • The average score is 14 of 20
Answer Stats
Average border length in kilometers Country % Correct
6 Monaco
99%
38 Liechtenstein
97%
3 Vatican City
97%
59 Andorra
96%
109 Luxembourg
94%
37 San Marino
93%
266 Brunei
84%
87 Qatar
82%
238 Kuwait
73%
253 East Timor
72%
176 Djibouti
69%
140 Denmark
66%
179 Kosovo
63%
237 South Korea
60%
242 Lebanon
57%
136 Montenegro
52%
233 Rwanda
52%
264 Equatorial Guinea
49%
168 North Macedonia
42%
173 Albania
28%
No matching quizzes found
Score Distribution
Percent of People with Each Score
Percentile by Number Answered
Your Score History
You have not taken this quiz